Computer technology for higher education: (Record no. 21455)
[ view plain ]
| 000 -LEADER | |
|---|---|
| fixed length control field | 00511nam a22001457a 4500 |
| 008 - FIXED-LENGTH DATA ELEMENTS--GENERAL INFORMATION | |
| fixed length control field | 230420b |||||||| |||| 00| 0 eng d |
| 040 ## - CATALOGING SOURCE | |
| Original cataloging agency | National Science Library |
| Transcribing agency | National Science Library |
| 080 ## - UNIVERSAL DECIMAL CLASSIFICATION NUMBER | |
| Universal Decimal Classification number | 378:681.3 |
| Item number | N3.1 |
| 100 ## - MAIN ENTRY--PERSONAL NAME | |
| Personal name | Achuthan, Sarla |
| 245 ## - TITLE STATEMENT | |
| Title | Computer technology for higher education: |
| Remainder of title | A design model for a computerizing university |
| 260 ## - PUBLICATION, DISTRIBUTION, ETC. | |
| Place of publication, distribution, etc. | New Delhi: |
| Name of publisher, distributor, etc. | Concept Publishing Company, |
| Date of publication, distribution, etc. | 1993 |
| 500 ## - GENERAL NOTE | |
| General note | Vol.1 8170224675<br/>Vol.3 8170224691 |
| 650 ## - SUBJECT ADDED ENTRY--TOPICAL TERM | |
| Topical term or geographic name entry element | Education |
| 942 ## - ADDED ENTRY ELEMENTS (KOHA) | |
| Source of classification or shelving scheme | Universal Decimal Classification |
| Koha item type | Books |
| Withdrawn status | Lost status | Source of classification or shelving scheme | Damaged status | Not for loan | Home library | Current library | Shelving location | Date acquired | Serial Enumeration / chronology | Total Checkouts | Full call number | Barcode | Date last seen | Price effective from | Koha item type |
|---|---|---|---|---|---|---|---|---|---|---|---|---|---|---|---|
| Universal Decimal Classification | National Science Library | National Science Library | GF/Rk-5/C-13/R-2 | 17/09/1993 | Vol.1 8170224675 | 378:681.3 N3.1 | 173976 | 20/04/2023 | 20/04/2023 | Books | |||||
| Universal Decimal Classification | National Science Library | National Science Library | GF/Rk-5/C-13/R-2 | 17/09/1993 | Vol.3 8170224691 | 378:681.3 N3.1 | 173978 | 20/04/2023 | 20/04/2023 | Books |